000 00955nam a22003017a 4500
001 9653
003 FISKH
005 20260424132702.0
008 260128b cb ||||| |||| 00| 0 eng d
020 _a9780462003160
040 _aFISKH
_beng
_cFISKH
_dFISKH
050 _aPZ7
082 _a306.87
100 _aPrince, Kirsten
_eAuthor
245 _aBig Ted's barbeque /
_cWritten by Kirsten Prince ; illustrated by Katie Jardine
260 _aSingapore :
_bMarshall Cavendish International ,
_c2008
300 _a16 pages :
_bcolor illustrations ;
_c19 cm
490 _aMy pals are here! :
_v12b
505 _aE
520 _aBig Ted was a firefighter. Today was his day off. And he will have a barbeque.
521 8 _a200
_bLexile estimate
521 8 _aE
_bRaz-Plus
650 _aMy pals are here
_vFood
650 _aBarbeque
_vRealistic fiction
700 _aJardine, Katie
_eIllustrator
942 _2ddc
_cBK
_n0
999 _c9653
_d9653